000 00173 a2200097 4500
041 _aspa
100 _aPeters, Sharon
245 _aContento Juan
942 _cBK
952 _74
999 _c17941
_d17941